[Event "Trophee jeunes"]
[Site "?"]
[Date "2003.12.06"]
[Round "?"]
[White "Panazza, Lilian"]
[Black "Vinot, Alexandre"]
[Result "0-1"]
[WhiteElo "1099"]
[BlackElo "1240"]
[PlyCount "40"]

1. Nc3 e5 2. e4 Nf6 3. d3 Bc5 4. d4 exd4 5. Na4 d6 6. Bb5+ Bd7 7. f3 Bxb5 8. c3
Qd7 9. b3 Nc6 10. Bg5 O-O 11. f4 dxc3 12. Nxc3 Ba6 13. Nf3 Rfe8 14. g4 Bb4 15.
Rc1 Nxg4 16. h3 Bc5 17. hxg4 Qxg4 18. Rg1 Bxg1 19. Kd2 Qg2+ 20. Ke1 Qf2# 0-1

[Event "Trophee jeunes"]
[Site "?"]
[Date "2003.12.06"]
[Round "?"]
[White "Massard, Quentin"]
[Black "Desassis, Emmeran"]
[Result "0-1"]
[WhiteElo "1009"]
[BlackElo "1009"]
[PlyCount "32"]

1. e4 e6 2. Nf3 Bb4 3. Bc4 Nf6 4. c3 Ba5 5. Na3 O-O 6. O-O Nc6 7. Nb1 a6 8. Ng5
h6 9. Nf3 Nxe4 10. Re1 Ne5 11. Rxe4 Nxf3+ 12. gxf3 c6 13. a3 d5 14. Bd3 dxe4
15. Bxe4 Re8 16. Bg6 16... fxg6 {Suite illisible} 0-1

[Event "Trophee jeunes"]
[Site "?"]
[Date "2003.12.06"]
[Round "?"]
[White "Goudet, Maxence"]
[Black "Farge, Damien"]
[Result "0-1"]
[WhiteElo "1070"]
[BlackElo "1610"]
[PlyCount "72"]

1. e4 c5 2. Nf3 d6 3. Be2 Nf6 4. Nc3 g6 5. O-O Bg7 6. d4 cxd4 7. Qxd4 Nc6 8.
Qa4 O-O 9. Qb5 a6 10. Qg5 Ng4 11. h3 Nge5 12. Bf4 Nxf3+ 13. Bxf3 Nd4 14. Bd1
Ne6 15. Qh4 Nxf4 16. Qxf4 e6 17. Bf3 b5 18. a3 Bb7 19. Rad1 Be5 20. Qh6 Qf6 21.
Rd3 Bf4 22. Rfd1 Bxh6 23. Rxd6 Rfd8 24. e5 Qe7 25. Rxd8+ Rxd8 26. Rxd8+ Qxd8
27. Bxb7 Qc7 28. Bxa6 Qxe5 29. Bxb5 Bc1 30. a4 Bxb2 31. Nd1 Qe1+ 32. Kh2 Qxd1
33. c4 Be5+ 34. g3 Qe2 35. Kg1 Bd4 36. a5 Qxf2+ 0-1

[Event "Trophee jeunes"]
[Site "?"]
[Date "2003.12.06"]
[Round "?"]
[White "Brosse, Benjamin"]
[Black "Carrot, Axel"]
[Result "0-1"]
[WhiteElo "1199"]
[BlackElo "1340"]
[PlyCount "112"]

1. e4 e5 2. Qf3 Bc5 3. Bc4 Qf6 4. Nc3 Qxf3 5. Nxf3 Nc6 6. Ng5 Nd8 7. Na4 d6 8.
Bb5+ c6 9. Bc4 Nf6 10. c3 h6 11. Bxf7+ Nxf7 12. Nxf7 Kxf7 13. d4 exd4 14. cxd4
Bxd4 15. Bf4 Ke7 16. Rd1 c5 17. e5 dxe5 18. Bxe5 Bxe5 19. Nxc5 Bxb2 20. O-O Ng4
21. Rfe1+ Kf7 22. Re4 Nxh2 23. Kxh2 Re8 24. Rf4+ Kg8 25. Nd3 Be6 26. Nxb2 Bxa2
27. Nd3 Rad8 28. Ne1 Rxd1 29. Nf3 Rf8 30. Rg4 Be6 31. Re4 Re8 32. Nh4 Kf7 33.
Rf4+ Ke7 34. Ng6+ Kd7 35. Ne5+ Kd8 36. Rc4 Bxc4 37. Nxc4 Re4 38. Nb2 Rb1 39.
Nd3 Rb5 40. f3 Rd4 41. Nf2 Rg5 42. g3 Rh5+ 43. Kg2 a5 44. g4 Rc5 45. Nh1 Rc2+
46. Kg3 a4 47. f4 Rc3+ 48. Kh4 Rxf4 49. Kh5 Rh3+ 50. Kg6 Rxg4+ 51. Kh7 Rxh1 52.
Kg8 Rf1 53. Kh8 Ke7 54. Kh7 Kf6 55. Kg8 Kg6 56. Kh8 Rf8# 0-1

[Event "Trophee jeunes"]
[Site "?"]
[Date "2003.12.06"]
[Round "?"]
[White "Giroux, Sylvain"]
[Black "Bruyas, Benjamin"]
[Result "1-0"]
[WhiteElo "1399"]
[BlackElo "1250"]
[PlyCount "49"]

1. d4 d5 2. Nc3 Nf6 3. Bf4 Nc6 4. Nf3 Bg4 5. e3 e6 6. Nb5 Bd6 7. Bxd6 cxd6 8.
Be2 O-O 9. Qd3 Bf5 10. Qb3 Ne4 11. O-O-O Nxf2 12. Bd3 Bxd3 13. cxd3 Nxh1 14.
Rxh1 Rc8 15. Nc3 Re8 16. Qxb7 Qe7 17. Qb5 Qd7 18. Rf1 e5 19. dxe5 dxe5 20. d4
exd4 21. exd4 Rb8 22. Qd3 Nb4 23. Qb1 Rbc8 24. Ng5 Re7 25. Qxh7+ 1-0

[Event "Trophee jeunes"]
[Site "?"]
[Date "2003.12.06"]
[Round "?"]
[White "Vinot, Sebastien"]
[Black "Paratcha, Yohan"]
[Result "0-1"]
[WhiteElo "1220"]
[BlackElo "1199"]
[PlyCount "68"]

1. e4 e5 2. Nf3 Nc6 3. c3 Nf6 4. Bc4 d5 5. exd5 Nxd5 6. d4 exd4 7. cxd4 Bb4+ 8.
Nbd2 O-O 9. O-O Bg4 10. Ne4 a6 11. Bg5 Qe8 12. Bxd5 Qd7 13. Bf6 Qxd5 14. Qd3
Rfe8 15. Nfg5 Bf5 16. Nxh7 Bxh7 17. Qg3 Bg6 18. Ng5 gxf6 19. Nxf7 Qxf7 20. Rad1
Rad8 21. Rd3 Nxd4 22. Qg4 c5 23. Rfd1 f5 24. Qg5 c4 25. h3 cxd3 26. Rxd3 Ne2+
27. Kh2 Rxd3 28. h4 Bd6+ 29. g3 Bxg3+ 30. fxg3 f4 31. h5 fxg3+ 32. Kh3 Re4 33.
hxg6 Qe6+ 34. Kg2 Nf4+ 0-1

[Event "Trophee jeunes"]
[Site "?"]
[Date "2003.12.06"]
[Round "?"]
[White "Bonnet, Mickael"]
[Black "Gidrol, Thibault"]
[Result "1-0"]
[WhiteElo "1299"]
[BlackElo "1280"]
[PlyCount "69"]

1. b3 g6 2. Bb2 Nf6 3. Nc3 Bg7 4. Nf3 O-O 5. g3 Nc6 6. Bg2 e5 7. d3 d5 8. O-O
d4 9. Ne4 Bf5 10. Nxf6+ Qxf6 11. c3 dxc3 12. Bxc3 Qe6 13. e3 Bh3 14. Bxh3 Qxh3
15. d4 e4 16. Ne5 Nd8 17. Qg4 Qh6 18. Bb4 Re8 19. Qf4 Qxf4 20. exf4 a5 21. Bc3
b5 22. b4 axb4 23. Bxb4 Ra4 24. Rfb1 Re6 25. Bc3 Ra3 26. Bd2 Nc6 27. Nxc6 Rxc6
28. Rxb5 Rd3 29. Rb8+ Bf8 30. Bb4 Kg7 31. Bxf8+ Kf6 32. Rab1 Kf5 33. R1b5+ Kg4
34. Kg2 Rd2 35. Rg5# 1-0

[Event "Trophee jeunes"]
[Site "?"]
[Date "2003.12.06"]
[Round "?"]
[White "Desassis, Maxence"]
[Black "Chalendar, Antoine"]
[Result "1-0"]
[WhiteElo "1290"]
[BlackElo "1299"]
[PlyCount "131"]

1. e4 e5 2. Nf3 Nc6 3. Bc4 Bc5 4. O-O Qf6 5. Nc3 d6 6. Nd5 Qd8 7. d3 Nf6 8. Bg5
Na5 9. b4 Nxc4 10. bxc5 Na5 11. cxd6 Qxd6 12. c4 h6 13. Bxf6 gxf6 14. Qa4+ Nc6
15. Qb5 a6 16. Qa4 Bd7 17. Qd1 O-O-O 18. d4 Qf8 19. Nxf6 Qg7 20. Nxe5 Bh3 21.
Qf3 Nxd4 22. Qxh3+ Ne6 23. Qf5 Kb8 24. Nh5 Qg8 25. Qxf7 Rf8 26. Qxg8 Rhxg8 27.
Nd7+ Kc8 28. Nxf8 Rxf8 29. Rfd1 Nc5 30. Rd5 Nxe4 31. Re1 Nxf2 32. Rf1 c6 33.
Rd2 Rf5 34. Rfxf2 Rxh5 35. Rf7 Rh4 36. Re2 Kb8 37. Re8+ Ka7 38. c5 Rc4 39. Ree7
Rb4 40. a3 Rb1+ 41. Kf2 Rb2+ 42. Ke3 a5 43. Rc7 Ka6 44. Kd3 Rb3+ 45. Kc4 Rb1
46. Rc8 Rc1+ 47. Kd4 Rd1+ 48. Ke5 Rd5+ 49. Ke6 Rxc5 50. Ra8+ Kb5 51. Rxb7+ Kc4
52. Rd7 Kb3 53. Kd6 Rc3 54. Rxa5 Rd3+ 55. Kxc6 Rc3+ 56. Kb5 Rc2 57. Rd3+ Kb2
58. Ra4 Rxg2 59. Rb4+ Kc2 60. Kc4 Rxh2 61. Rb5 Rh4+ 62. Rd4 Rh3 63. Rc5 Rxa3
64. Kb4+ Kb2 65. Rd2+ Ka1 66. Rc1# 1-0

[Event "Trophee jeunes"]
[Site "?"]
[Date "2003.12.06"]
[Round "?"]
[White "Bonnevialle, Benjamin"]
[Black "Saby, Jonathan"]
[Result "1-0"]
[WhiteElo "1299"]
[BlackElo "1099"]
[PlyCount "43"]

1. Nf3 g6 2. d4 Bg7 3. e3 d6 4. Bd3 Nc6 5. O-O e5 6. dxe5 Nxe5 7. Nxe5 Bxe5 8.
Nc3 Qd7 9. Bb5 c6 10. Ne4 Qf5 11. Nxd6+ Bxd6 12. Qxd6 Qd7 13. Qd3 Qc7 14. Ba4
Bf5 15. e4 Be6 16. b3 Rd8 17. Qc3 Nf6 18. Qxf6 Rg8 19. Bf4 Qb6 20. Rad1 Rxd1
21. Rxd1 Qb4 22. Rd8# 1-0

[Event "Trophee jeunes"]
[Site "?"]
[Date "2003.12.06"]
[Round "?"]
[White "Janisset, Franck"]
[Black "Barbier, Thomas"]
[Result "0-1"]
[WhiteElo "1099"]
[BlackElo "1199"]
[PlyCount "80"]

1. e4 d5 2. Nc3 Be6 3. d4 dxe4 4. Nxe4 Bg4 5. Qxg4 e6 6. Qf3 Nf6 7. Nxf6+ Qxf6
8. Qxf6 gxf6 9. Bb5+ c6 10. Bf1 Nd7 11. Ne2 O-O-O 12. Bf4 e5 13. dxe5 fxe5 14.
Bg5 f6 15. Be3 Bb4+ 16. c3 Bd6 17. Rd1 Be7 18. Bxa7 Rhg8 19. b4 b5 20. g3 Rg4
21. Bh3 Re4 22. O-O Rxe2 23. Bg4 Re4 24. Rd2 Rxg4 25. f3 Rg5 26. f4 exf4 27.
Rxf4 Ne5 28. Rxd8+ Kxd8 29. Bb6+ Kd7 30. Rd4+ Bd6 31. c4 bxc4 32. h4 Rxg3+ 33.
Kh2 Rf3 34. Kg2 Ra3 35. Rd2 c3 36. Bd4 cxd2 37. Bb2 Rd3 38. a4 d1=Q 39. a5 Qc2+
40. Kf1 Rd1# 0-1

[Event "Trophee jeunes"]
[Site "?"]
[Date "2003.12.06"]
[Round "?"]
[White "Guyot, Corentin"]
[Black "Debernardi, Hippolyte"]
[Result "0-1"]
[WhiteElo "1099"]
[BlackElo "1009"]
[PlyCount "86"]

1. e4 e5 2. Nf3 Nc6 3. Nc3 Bb4 4. a3 Bxc3 5. dxc3 Nf6 6. Bg5 d6 7. Bxf6 Qxf6 8.
Bb5 Bd7 9. Bxc6 Bxc6 10. O-O Bxe4 11. Qe2 Bxf3 12. gxf3 Qg5+ 13. Kh1 O-O 14.
Rg1 Qf6 15. Qe4 Rab8 16. Rg3 g6 17. Rh3 c6 18. Qh4 Qg7 19. Qe7 d5 20. Re1 Rfe8
21. Qd6 Rbd8 22. Qc7 Rb8 23. f4 exf4 24. Rxe8+ Rxe8 25. b3 Re1+ 26. Kg2 Rc1 27.
c4 dxc4 28. bxc4 Rxc2 29. Rd3 h6 30. Rd8+ Kh7 31. Qe7 Rxc4 32. Rf8 Re4 33. Rh8+
Kxh8 34. Qd8+ Kh7 35. f3 Re2+ 36. Kh3 h5 37. Qd3 Re3 38. Qf1 g5 39. Qf2 g4+ 40.
Kh4 Rxf3 41. Qg2 Rh3+ 42. Qxh3 gxh3 43. Kxh3 Qg4# 0-1

[Event "Trophee jeunes"]
[Site "?"]
[Date "2003.12.06"]
[Round "?"]
[White "Charron, Arthur"]
[Black "Panazza, Lilian"]
[Result "1-0"]
[WhiteElo "1099"]
[BlackElo "1099"]
[PlyCount "67"]

1. e4 Nc6 2. d4 Nxd4 3. Qxd4 f6 4. Bc4 e5 5. Qd1 h5 6. Nf3 d6 7. O-O Bg4 8. h3
Bxf3 9. gxf3 g6 10. c3 f5 11. exf5 gxf5 12. Kh1 Nf6 13. Qa4+ Nd7 14. h4 c6 15.
Bg5 Be7 16. Qb3 Rg8 17. Bf7+ Kf8 18. Bxg8 d5 19. Be6 Bxg5 20. hxg5 Qxg5 21. Rg1
Qf6 22. c4 Qxe6 23. cxd5 cxd5 24. Qxb7 Qe8 25. Qxd5 Rb8 26. Qg8+ Ke7 27. Qg7+
Kd6 28. Na3 Rxb2 29. Rad1+ Kc7 30. Rc1+ Kd8 31. Nc4 Rxa2 32. Nd6 Qe6 33. Rgd1
Rxf2 34. Rc8# 1-0

[Event "Trophee jeunes"]
[Site "?"]
[Date "2003.12.06"]
[Round "?"]
[White "Gidrol, Celine"]
[Black "Oriol, Nicolas"]
[Result "0-1"]
[WhiteElo "1009"]
[BlackElo "1009"]
[PlyCount "46"]

1. e3 e5 2. e4 d5 3. d4 Nc6 4. Bd2 Bd6 5. f3 Nf6 6. Bc3 Nb4 7. Bd3 O-O 8. Ne2
Be6 9. O-O b6 10. Qc1 c5 11. Qe3 cxd4 12. Bxd4 exd4 13. Qxd4 Bc5 14. Qf2 Bxf2+
15. Kxf2 dxe4 16. fxe4 Nxd3+ 17. cxd3 Qxd3 18. Re1 Qxe4 19. Rd1 Qf5+ 20. Kg1
Rfd8 21. Re1 Rd7 22. Rc1 Rd5 23. Rc2 Rd1# 0-1

[Event "Trophee jeunes"]
[Site "?"]
[Date "2003.12.06"]
[Round "?"]
[White "Nogier, Joris"]
[Black "Guyot, Camille"]
[Result "1-0"]
[WhiteElo "1009"]
[BlackElo "1009"]
[PlyCount "53"]

1. e4 e5 2. Nf3 Nc6 3. Bc4 Nf6 4. Nc3 a5 5. O-O Bd6 6. a4 O-O 7. Qe2 Qe7 8. d3
Ra7 9. Bg5 Bc5 10. Ra2 Bb4 11. Bb5 Bxc3 12. bxc3 h5 13. h4 Nb4 14. cxb4 axb4
15. Rb2 b3 16. Rxb3 Ra5 17. Rc3 Rxb5 18. axb5 b6 19. Rxc7 Bb7 20. Rxb7 Ng4 21.
Bxe7 Re8 22. Rxd7 Rxe7 23. Rxe7 Kf8 24. Ra7 f6 25. Rfa1 Nxf2 26. Rb7 Ng4 27.
Ra8# 1-0

[Event "Trophee jeunes"]
[Site "?"]
[Date "2003.12.06"]
[Round "?"]
[White "Oriol, Jonathan"]
[Black "Paran, Gregoire"]
[Result "0-1"]
[WhiteElo "1199"]
[BlackElo "1099"]
[PlyCount "70"]

1. Nf3 d5 2. Nc3 Nc6 3. Nh4 e5 4. Nf5 Bxf5 5. h3 Nf6 6. b4 Bxb4 7. Nb1 O-O 8.
g4 Be4 9. g5 Bxh1 10. Bb2 Ne4 11. h4 Bc5 12. Bh3 Nxf2 13. Bc3 Nxd1 14. Kxd1 d4
15. Bb2 Qd5 16. c3 Bg2 17. cxd4 exd4 18. e3 Bxh3 19. exd4 Bxd4 20. Nc3 Qh1+ 21.
Kc2 Bf5+ 22. Kb3 Qg2 23. Rd1 Bxc3 24. Bxc3 Qd5+ 25. Ka4 Qxa2+ 26. Kb5 Rfe8 27.
Ra1 Qxa1 28. Bxa1 a6+ 29. Kc5 b6+ 30. Kxc6 Rad8 31. Kxc7 Rxd2 32. Kxb6 Rc2 33.
Kb7 Rd8 34. Bd4 Rxd4 35. Kxa6 Rb2 0-1

[Event "Trophee jeunes"]
[Site "?"]
[Date "2003.12.06"]
[Round "?"]
[White "Triantafilidis, Thomas"]
[Black "Vinot, Alexandre"]
[Result "0-1"]
[WhiteElo "1199"]
[BlackElo "1240"]
[PlyCount "33"]

1. e4 e5 2. Nf3 Nc6 3. d4 d5 4. Bd3 exd4 5. O-O Bg4 6. h3 Bxf3 7. gxf3 Qg5+ 8.
Bxg5 h6 9. Bf4 Nf6 10. exd5 Nxd5 11. Qe1+ Be7 12. c4 dxc3 13. bxc3 Nxf4 14. h4
Nxd3 15. Qe2 Nf4 16. Qd2 Nh3+ 17. Kg2 {0-0-0 illegal !} 0-1

[Event "Trophee jeunes"]
[Site "?"]
[Date "2003.12.06"]
[Round "?"]
[White "Chabanal, Quentin"]
[Black "Nespoulous, Oceane"]
[Result "1-0"]
[WhiteElo "1009"]
[BlackElo "1099"]
[PlyCount "22"]

1. e4 e5 2. Bc4 Bc5 3. Qf3 Nf6 4. d3 Nc6 5. Bg5 O-O 6. Bxf6 gxf6 7. Qg3+ Kh8 8.
Nh3 Rg8 9. O-O Rxg3 10. hxg3 d6 11. Nd2 11... Bg4 {12.f3 impossible !} 1-0